00913nam a2200217 a 4500008004100000020001800041050001700059100002200076245010300098250001200201260004400213300002000257500003300277650001400310650001700324650001900341700001800360995015000378995015000528999001700678130326s2010 ||||||||||||||||| || u a9780199213931 aQH 96.57 LAM aLampert, Winfried10aLimnoecology: the ecology of lakes and streams. (2nd ed.)cby Winfried Lampert [and] Ulrich Sommer a2nd ed. aNew YorkbOxford University Pressc2010 aix, 324p. : ill ait includes the bibliography aLIMNOLOGY 0aLAKE ECOLOGY aSTREAM ECOLOGY aSommer,Ulrich aMAIN LIBRARY OPEN ACCESSe743469FCBU-MAIN LIBRARY (Kitwe)jQH 96.57 LAMM2UAVAILABLEWJun 11, 2013y743469ZMain Library Open Access Collection aMAIN LIBRARY OPEN ACCESSe743468FCBU-MAIN LIBRARY (Kitwe)jQH 96.57 LAMM1UAVAILABLEWJun 11, 2013y743468ZMain Library Open Access Collection c82200d82200